000 00607nam a2200217 i 4500
001 bgj
100 1 _aKINGSBURY, Roy.
245 1 0 _aLongman Advanced English :
_bcoursebook /
_cRoy Kingsbury and Guy Wellman.
250 _a[9th impr.].
260 _aHarlow, Essex :
_bLongman,
_c1990.
300 _a208 pp :
_bill. ;
_c25 cm.
650 9 _aEnglish language
655 _aTextbooks for foreigners
700 1 _aWELLMAN, Guy.
_eco-author
020 _a0582743559 (pbk)
040 _cBPK
041 0 _aeng
920 _a0-582-74355-9 (pbk)
942 _cKS
008 s uk f |000 0 eng
999 _c41338
_d41338
856 _uhttp://koha.tu.koszalin.pl/cgi-bin/koha/opac-detail.pl?biblionumber=41338
_yKatalog online BPK